Statistiques concernant Langues en Inde

Cliquez ici pour prendre le quiz!

Statistiques générales

  • Ce quiz a été pris 66 fois
  • Le résultat moyen est 5 sur 13

Statistiques - réponses

Nb de locuteurs Langue % Correct
551 000 000Hindi
92%
67 000 000Tamoul
71%
125 000 000Anglais
52%
91 000 000Bengali
50%
59 000 000Ourdou
42%
50 000 000Gujarati
37%
31 000 000Pendjabi
33%
84 000 000Marathi
25%
85 000 000Télougou
21%
34 000 000Malayalam
19%
51 000 000Kannada
17%
19 000 000Assamais
13%
37 000 000Oriya
8%

Distribution des résultats

Percentile par nombre de réponses

% des personnes avec chaque résultat

Votre développement - résultats

Vous n’avez pas pris ce quiz